000 00266nam a2200109Ia 4500
008 190216s9999||||xx |||||||||||||| ||und||
100 _aNull
245 0 _aSahithyathile 101 Bala Kathakal
260 _bArchana Publications(Pv) Ltd
650 _aKathakal
942 _cBK
999 _c25246
_d25246